Ostreľovač

Salvato in:
Dettagli Bibliografici
Autore principale: Pérez-Reverte, Arturo
Altri autori: Tužinská, Sofia, 1973-
Natura: Libro
Lingua:slovacco
Pubblicazione: Bratislava Slovart 2015
Edizione:1. vyd.
Soggetti:
Tags: Aggiungi Tag
Nessun Tag, puoi essere il primo ad aggiungerne!!

MARC

LEADER 00000nam a2200000 4500
001 0207186
005 20240502073436.2
020 |a 978-80-556-0980-5 
041 0 |a slo 
044 |a SK 
245 1 0 |a Ostreľovač  |c Arturo Pérez-Reverte ; zo španielčiny preložila Sofia Tužinská 
250 |a 1. vyd. 
264 1 |a Bratislava  |b Slovart  |c 2015 
300 |a 182 s. [7 AH] 
610 2 0 |a literatúra 
610 2 0 |a španielčina 
100 1 |a Pérez-Reverte, Arturo 
700 1 |a Tužinská, Sofia, 1973-